| Поле | Инд. | ПП | Название | Значение |
|---|---|---|---|---|
| Тип записи | a | |||
| Библиографический уровень | m | |||
| 001 | Контрольный номер | RU/LIBMSTU/383755605 | ||
| 005 | Дата корректировки | 20120302090604.6 | ||
| 008 | Кодируемые данные | 120229|||||||||ru |||||||||||000|||rus|| | ||
| 040 | b | Код языка каталог. | rus | |
| 041 | a | Код языка текста | rus | |
| 084 | a | Индекс другой классификации/Индекс ББК | 94+65.28+65.04+65.305.1+65.291.218 | |
| 090 | a | Полочн. индекс | 94 | |
| x | Авторский знак | Ш 62 | ||
| 100 | a | Автор | Шинкаренко Н. К. | |
| 245 | 10 | a | Заглавие | Реструктуризация социо-эколого-экономических систем в добывающих отраслях региона |
| b | Продолж. заглавия | дис. ... канд. экон. наук : 08.00.05 | ||
| c | Ответственность | Федер. агентство по рыболовству Рос. Федерации, ФГБОУ ВПО "Мурман. гос. техн. ун-т" | ||
| 260 | a | Место издания | Мурманск | |
| c | Дата издания | 2012 | ||
| 300 | a | Объем | 142 с. | |
| b | Иллюстрации/ тип воспроизводства | ил. | ||
| 504 | a | Библиография | Библиогр.: с. 126-136 | |
| 650 | a | Основная рубрика | Региональная экономика-Золотодобывающая промышленность-реструктуризация-Диссертации | |
| 650 | 14 | a | Основная рубрика | Экономика природопользования-Диссертации |
| 651 | a | Географическое наименование | Забайкальский край | |
| 653 | a | Ключевые слова | Диссертации; Золотодобывающая промышленность; Золотодобыча; Месторождения золота; Региональная экономика; Реструктуризация промышленности; Социо-эколого-экономические системы; Экологические факторы; Экономика природопользования | |
| 901 | t | Тип документа | d |